O livro do homem (Registo nº 36934)
[ vista simples ]
| 000 -Etiqueta do registo | |
|---|---|
| Valores | 00668nam a2200265 4500 |
| 010 ## - Número ISBN | |
| ISBN | 9727115829 |
| 021 ## - Número do Depósito Legal | |
| Código do país | Portugal |
| Número | 216461/04 |
| 100 ## - Dados gerais de processamento | |
| Dados gerais | 20051109d2004 m y0pory5003 ba |
| 101 1# - Língua de publicação | |
| Língua | Português |
| 102 ## - País de publicação | |
| País | Portugal |
| 200 1# - Titulo e menção de responsabilidade | |
| Título próprio | O livro do homem |
| Informação de outro título | as facetas do masculino |
| Primeira menção de responsabilidade | Osho |
| 205 ## - Menção da edição | |
| Edição | 1ª. ed |
| 210 #9 - Publicação | |
| Local de publicação | Cascais |
| Nome do editor | Pergaminho |
| Data de publicação | 2004 |
| 215 ## - Descrição física | |
| Paginação / Volumes | 282, [6] p.-d23 cm |
| 225 2# - Colecção | |
| Título próprio da colecção | Os livros de Osho |
| 304 ## - Nota relativa ao título | |
| Texto de nota | Tít. orig.: The book of men |
| 600 ## - Nome de pessoa usado como assunto | |
| Apelido | Osho |
| Datas | 1931-1990 |
| -- | 6242 |
| 675 ## - CDU | |
| Notação | 159.92 |
| Edição | BN |
| Língua | por |
| 675 ## - CDU | |
| Notação | 159.94 |
| Edição | BN |
| Língua | por |
| 700 #0 - Autor principal | |
| Apelido | Osho |
| Datas | 1931-1990 |
| ID Autoridade | 6242 |
| 801 ## - Fonte de origem | |
| País | PT |
| Regras de catalogação | RPC |
| 090 ## - Tipo de documento | |
| Koha biblioitem number (autogenerated) | 36934 |
| 990 ## - Elementos KOHA | |
| Tipo de documento | Livro |
| 994 ## - Estado da catalogação | |
| Situação | Completo |
| Situação do levantamento | Situação do extravio | Biblioteca de origem | Biblioteca de empréstimo | Código de barras | Cota | Permissão de empréstimo | Tipo de documento | Forma de aquisição |
|---|---|---|---|---|---|---|---|---|
| Completo | Biblioteca Municipal de Viana Do Alentejo | Biblioteca Municipal de Viana Do Alentejo | 0035499 | 159-9 OSH | Disponível | Livro | Oferta |